[Event "CHN-ch (Women)"]
[Site "Xinghua"]
[Date "2023.05.09"]
[Round "4"]
[White "Yan, Tianqi"]
[Black "Yuan, Ye"]
[Result "1/2-1/2"]
[WhiteElo "2220"]
[BlackElo "2171"]
[PlyCount "60"]
[EventDate "2023.05.06"]
[EventType "tourn"]
[EventRounds "11"]
[EventCountry "CHN"]
[SourceTitle "CBM 215 Extra"]
[Source "ChessBase"]
[SourceDate "2023.09.30"]
[SourceVersion "1"]
[SourceVersionDate "2023.09.30"]
[SourceQuality "1"]

1. e4 e5 2. Nf3 Nf6 3. Nxe5 d6 4. Nf3 Nxe4 5. d4 d5 6. Bd3 Nc6 7. 0-0 Be7 8. Re1 Bf5 9. Nbd2 Nxd2 10. Qxd2 Bxd3 11. Qxd3 0-0 12. Bf4 h6 13. c3 a6 14. Re2 Qd7 15. h3 Rfe8 16. Rae1 Rad8 17. Bg3 Bd6 18. Ne5 Bxe5 19. Bxe5 Nxe5 20. Rxe5 Rxe5 21. Rxe5 Re8 22. Rxe8+ Qxe8 23. Kf1 Qe6 24. Qe2 Qxe2+ 25. Kxe2 Kf8 26. Ke3 Ke7 27. Kf3 Kf6 28. Ke3 Ke6 29. Kf3 Kf6 30. Ke3 Ke6 1/2-1/2

[Event "CHN-chT Div A KO"]
[Site "Liaocheng"]
[Date "2023.02.07"]
[Round "2.1"]
[White "Yuan, Ye"]
[Black "Yan, Tianqi"]
[Result "1/2-1/2"]
[WhiteElo "2088"]
[BlackElo "2186"]
[PlyCount "77"]
[EventDate "2023.02.06"]
[EventType "team-k.o."]
[EventRounds "6"]
[EventCountry "CHN"]
[SourceTitle "CBM 212 Extra"]
[Source "ChessBase"]
[SourceDate "2023.03.31"]
[SourceVersion "1"]
[SourceVersionDate "2023.03.31"]
[SourceQuality "1"]
[WhiteTeam "Jiangsu"]
[BlackTeam "Hangzhou Bank"]
[WhiteTeamCountry "CHN"]
[BlackTeamCountry "CHN"]

1. d4 Nf6 2. c4 e6 3. Nc3 Bb4 4. Qc2 d5 5. cxd5 Qxd5 6. e3 c5 7. Bd2 Bxc3 8. bxc3 0-0 9. Nf3 b6 10. c4 Qc6 11. Bd3 Bb7 12. 0-0 Rd8 13. Bc3 Nbd7 14. Rac1 Rac8 15. Rfd1 cxd4 16. exd4 Ne4 17. Bb2 Ng5 18. Be2 Qe4 19. Qxe4 Nxe4 20. Ba3 Ba6 21. Bd3 Nef6 22. Be7 Re8 23. Bd6 Red8 24. Ne5 Nxe5 25. Bxe5 Nd7 26. Bf4 f6 27. h4 Kf7 28. f3 e5 29. dxe5 Nxe5 30. Bxe5 fxe5 31. Be4 Rxd1+ 32. Rxd1 Ke7 33. Bxh7 Bxc4 34. Rc1 b5 35. Bd3 Kd6 36. Kf2 Kd5 37. Bxc4+ bxc4 38. Ke3 Rh8 39. g3 1/2-1/2

[Event "CHN-ch (Women)"]
[Site "Xinghua"]
[Date "2022.11.07"]
[Round "7"]
[White "Xiao, Yiyi"]
[Black "Yuan, Ye"]
[Result "1-0"]
[WhiteElo "2326"]
[BlackElo "2086"]
[PlyCount "53"]
[EventDate "2022.11.02"]
[EventType "tourn"]
[EventRounds "11"]
[EventCountry "CHN"]
[EventCategory "2"]
[SourceTitle "CBM 211 Extra"]
[Source "ChessBase"]
[SourceDate "2023.01.31"]
[SourceVersion "1"]
[SourceVersionDate "2023.01.31"]
[SourceQuality "1"]

1. e4 c5 2. Nf3 e6 3. d4 cxd4 4. Nxd4 a6 5. Nc3 b5 6. g3 Bb7 7. Bg2 Nf6 8. 0-0 b4 9. Na4 Nxe4 10. Re1 d5 11. Nxe6 fxe6 12. Qh5+ Kd7 13. Bxe4 dxe4 14. Be3 Bd5 15. Rad1 Kc8 16. c4 bxc3 17. Nb6+ Kb7 18. bxc3 g6 19. Qe2 Qe8 20. c4 Bc6 21. Qb2 Rg8 22. Nxa8+ Kxa8 23. Qb6 Qe7 24. Rd8 Qb7 25. Rb1 Qxb6 26. Rxb6 Bb7 27. Rxe6 1-0

[Event "CHN-ch (Women)"]
[Site "Xinghua"]
[Date "2022.11.05"]
[Round "5"]
[White "Li, Xueyi"]
[Black "Yuan, Ye"]
[Result "0-1"]
[WhiteElo "2297"]
[BlackElo "2086"]
[PlyCount "100"]
[EventDate "2022.11.02"]
[EventType "tourn"]
[EventRounds "11"]
[EventCountry "CHN"]
[EventCategory "2"]
[SourceTitle "CBM 211 Extra"]
[Source "ChessBase"]
[SourceDate "2023.01.31"]
[SourceVersion "1"]
[SourceVersionDate "2023.01.31"]
[SourceQuality "1"]

1. d4 d5 2. Nf3 Nf6 3. g3 c5 4. Bg2 cxd4 5. 0-0 h6 6. Qxd4 Nc6 7. Qa4 Bd7 8. c3 e5 9. Qd1 a5 10. a4 Bc5 11. Na3 0-0 12. Nc2 Re8 13. Be3 Bf8 14. h3 e4 15. Nfd4 Ne5 16. Nb5 Qc8 17. Kh2 Nc4 18. b3 Nxe3 19. Nxe3 Re5 20. Rh1 Bxb5 21. axb5 Qxc3 22. Ra2 Qb4 23. Qa1 Bd6 24. Nc2 Qxb5 25. Nd4 Qb6 26. e3 Ree8 27. Ra4 Nd7 28. Rb1 Nc5 29. Ra2 Nd3 30. Bf1 Nb4 31. Rd2 Be5 32. Qa4 Qf6 33. Kg1 Rec8 34. Rbd1 Rc5 35. Qd7 Rc7 36. Qb5 b6 37. h4 Rd8 38. Qa4 Rc5 39. Bb5 Bxd4 40. Rxd4 Rc2 41. R4d2 Rdc8 42. Bf1 g6 43. Qd7 Kg7 44. h5 g5 45. Be2 Rxd2 46. Rxd2 Rc1+ 47. Kg2 Nc2 48. g4 Ne1+ 49. Kg3 Qe5+ 50. Kh3 Nf3 0-1

[Event "CHN-chT Div-A Rapid"]
[Site "Fuling"]
[Date "2022.09.19"]
[Round "11.5"]
[White "Liu, Manli"]
[Black "Yuan, Ye"]
[Result "1/2-1/2"]
[WhiteElo "2195"]
[BlackElo "2108"]
[PlyCount "44"]
[EventDate "2022.09.06"]
[EventType "team-tourn (rapid)"]
[EventRounds "11"]
[EventCountry "CHN"]
[SourceTitle "CBM 210 Extra"]
[Source "ChessBase"]
[SourceDate "2022.11.30"]
[SourceVersion "1"]
[SourceVersionDate "2022.11.30"]
[SourceQuality "1"]
[WhiteTeam "Shandong"]
[BlackTeam "Jiangsu"]
[WhiteTeamCountry "CHN"]
[BlackTeamCountry "CHN"]

1. e4 e5 2. Nf3 Nf6 3. Nxe5 d6 4. Nf3 Nxe4 5. d4 d5 6. Bd3 Be7 7. 0-0 Nc6 8. Nbd2 Nxd2 9. Qxd2 Nb4 10. Be2 Bf5 11. Ne1 0-0 12. c3 Nc6 13. Nd3 Bd6 14. Bf3 Be4 15. Bxe4 dxe4 16. Nc5 Bxc5 17. dxc5 Qe7 18. Qf4 Qxc5 19. Qxe4 Rfe8 20. Qc2 Nd4 21. Qd3 Ne2+ 22. Kh1 Nxc1 1/2-1/2

[Event "CHN-chT Div-A Rapid"]
[Site "Fuling"]
[Date "2022.09.10"]
[Round "4.6"]
[White "Yuan, Ye"]
[Black "Song, Yuxin"]
[Result "1/2-1/2"]
[WhiteElo "2108"]
[BlackElo "2317"]
[PlyCount "55"]
[EventDate "2022.09.06"]
[EventType "team-tourn (rapid)"]
[EventRounds "11"]
[EventCountry "CHN"]
[SourceTitle "CBM 210 Extra"]
[Source "ChessBase"]
[SourceDate "2022.11.30"]
[SourceVersion "1"]
[SourceVersionDate "2022.11.30"]
[SourceQuality "1"]
[WhiteTeam "Jiangsu"]
[BlackTeam "Shenzhen"]
[WhiteTeamCountry "CHN"]
[BlackTeamCountry "CHN"]

1. d4 Nf6 2. c4 e6 3. Nf3 d5 4. Bg5 dxc4 5. Qa4+ Nbd7 6. e4 Be7 7. Nc3 0-0 8. Qxc4 c5 9. dxc5 Nxc5 10. Bxf6 gxf6 11. Be2 Bd7 12. e5 Rc8 13. 0-0 f5 14. Qf4 Kh8 15. Rfd1 Rg8 16. h3 Qe8 17. Nd4 Na4 18. Nxa4 Bxa4 19. b3 Bc6 20. Nxc6 Qxc6 21. Bf3 Qc7 22. Rac1 Qb8 23. Rxc8 Qxc8 24. Qc4 Qxc4 25. bxc4 Rd8 26. Rxd8+ Bxd8 27. Bxb7 f4 28. g3 1/2-1/2

[Event "CHN-chT Div-A"]
[Site "Fuling"]
[Date "2022.09.07"]
[Round "2.6"]
[White "Yuan, Ye"]
[Black "Bai, Xue"]
[Result "1/2-1/2"]
[WhiteElo "2108"]
[BlackElo "2123"]
[PlyCount "141"]
[EventDate "2022.09.06"]
[EventType "team-tourn"]
[EventRounds "11"]
[EventCountry "CHN"]
[SourceTitle "CBM 210 Extra"]
[Source "ChessBase"]
[SourceDate "2022.11.30"]
[SourceVersion "1"]
[SourceVersionDate "2022.11.30"]
[SourceQuality "1"]
[WhiteTeam "Jiangsu"]
[BlackTeam "Zhejiang"]
[WhiteTeamCountry "CHN"]
[BlackTeamCountry "CHN"]

1. d4 d5 2. c4 e6 3. Nf3 Nf6 4. Bg5 Be7 5. Nc3 0-0 6. e3 h6 7. Bxf6 Bxf6 8. Qc2 b6 9. cxd5 exd5 10. Be2 Bb7 11. 0-0 Re8 12. Rac1 c6 13. b4 Nd7 14. Rfd1 b5 15. Bd3 a5 16. a3 Be7 17. Qb1 axb4 18. axb4 Nb6 19. e4 Qd6 20. exd5 Nxd5 21. Nxd5 Qxd5 22. Be4 Qa2 23. Ne5 Qxb1 24. Rxb1 Rac8 25. f4 f6 26. Nd3 Rcd8 27. Bg6 Rf8 28. Re1 Bd6 29. f5 Bc8 30. Re4 Rd7 31. Rbe1 Rfd8 32. Nc5 Bxc5 33. dxc5 Rf8 34. h4 Rd5 35. g4 Bd7 36. Ra1 Rd8 37. Kf2 Kf8 38. Rae1 Rd2+ 39. Kf3 Rd3+ 40. Kf4 Kg8 41. R1e2 Rd1 42. Re7 Rd4+ 43. Kf3 Rf8 44. Ra2 Rd8 45. Ra7 Kf8 46. Rf7+ Kg8 47. Ke3 Rd1 48. Ke2 Rd4 49. Ke3 Rd1 50. Ke2 Rd4 51. Re7 Kf8 52. Rf7+ Kg8 53. Re7 Kf8 54. Re6 Rd2+ 55. Kxd2 Bxe6+ 56. Ke3 Bd7 57. Kf4 Ke7 58. Bh5 Rf8 59. Kg3 Rc8 60. g5 hxg5 61. hxg5 fxg5 62. Kg4 Rf8 63. Bg6 Rh8 64. Kxg5 Rh1 65. Bh5 Rb1 66. Bf3 Kd8 67. Ra8+ Ke7 68. Ra7 Kd8 69. Ra8+ Ke7 70. Ra6 Rg1+ 71. Kf4 1/2-1/2

[Event "CHN-chT Div-A Rapid"]
[Site "Fuling"]
[Date "2022.09.07"]
[Round "2.6"]
[White "Zhu, Jiner"]
[Black "Yuan, Ye"]
[Result "1-0"]
[WhiteElo "2464"]
[BlackElo "2108"]
[PlyCount "95"]
[EventDate "2022.09.06"]
[EventType "team-tourn (rapid)"]
[EventRounds "11"]
[EventCountry "CHN"]
[SourceTitle "CBM 210 Extra"]
[Source "ChessBase"]
[SourceDate "2022.11.30"]
[SourceVersion "1"]
[SourceVersionDate "2022.11.30"]
[SourceQuality "1"]
[WhiteTeam "Zhejiang"]
[BlackTeam "Jiangsu"]
[WhiteTeamCountry "CHN"]
[BlackTeamCountry "CHN"]

1. e4 e5 2. Nf3 Nf6 3. Nxe5 d6 4. Nf3 Nxe4 5. Nc3 Nxc3 6. dxc3 Be7 7. Be3 Bf6 8. Qd2 Bg4 9. 0-0-0 Nc6 10. h3 Be6 11. g4 h6 12. Bg2 Qd7 13. b3 0-0-0 14. Nd4 Nxd4 15. Bxd4 Kb8 16. Bxf6 gxf6 17. f4 f5 18. g5 hxg5 19. fxg5 Rh4 20. Qf2 Rdh8 21. Rd4 Rxd4 22. Qxd4 Qd8 23. h4 Rg8 24. Bf3 f6 25. Re1 Bc8 26. Bd5 fxg5 27. Bxg8 Qxg8 28. h5 Qh7 29. Qf6 Qxh5 30. Qd8 b6 31. Re8 Qh1+ 32. Kb2 Qb7 33. Qxg5 Qc6 34. Qd8 Qb7 35. b4 b5 36. Rf8 a6 37. Rxf5 Ka7 38. Rf7 Kb6 39. Qe8 a5 40. Rf8 Bg4 41. Rf4 Bc8 42. a4 bxa4 43. bxa5+ Ka7+ 44. Rb4 Qa6 45. Qd8 a3+ 46. Kxa3 c5 47. Qb6+ Qxb6 48. Rxb6 1-0

[Event "CHN-chT Div-A Rapid"]
[Site "Fuling"]
[Date "2022.09.06"]
[Round "1.2"]
[White "Yuan, Ye"]
[Black "Ren, Xiaoyi"]
[Result "1/2-1/2"]
[WhiteElo "2108"]
[BlackElo "2250"]
[PlyCount "67"]
[EventDate "2022.09.06"]
[EventType "team-tourn (rapid)"]
[EventRounds "11"]
[EventCountry "CHN"]
[SourceTitle "CBM 210 Extra"]
[Source "ChessBase"]
[SourceDate "2022.11.30"]
[SourceVersion "1"]
[SourceVersionDate "2022.11.30"]
[SourceQuality "1"]
[WhiteTeam "Jiangsu"]
[BlackTeam "Chengdu"]
[WhiteTeamCountry "CHN"]
[BlackTeamCountry "CHN"]

1. d4 d5 2. c4 e6 3. Nc3 c6 4. Nf3 Nf6 5. Bg5 h6 6. Bh4 dxc4 7. e4 g5 8. Bg3 b5 9. Be2 Bb7 10. h4 g4 11. Ne5 Nbd7 12. Nxd7 Qxd7 13. Be5 Qe7 14. 0-0 Rg8 15. b3 Bg7 16. Qc2 Nh5 17. Bxg7 Rxg7 18. g3 Qd6 19. e5 Qxd4 20. Ne4 Kf8 21. Rad1 Qxe5 22. Rfe1 c5 23. Bxc4 bxc4 24. Nd6 Qf6 25. Nxb7 Qf3 26. Qd2 Qxb7 27. Qxh6 Nxg3 28. fxg3 Qf3 29. Qh8+ Ke7 30. Qxg7 Qxg3+ 31. Kh1 Qh3+ 32. Kg1 Qg3+ 33. Kh1 Qh3+ 34. Kg1 1/2-1/2

[Event "Asian Online (Women)"]
[Site "Tornelo INT"]
[Date "2021.08.24"]
[Round "4"]
[White "Sukandar, Irine Kharisma"]
[Black "Yuan, Ye"]
[Result "1-0"]
[WhiteElo "2413"]
[BlackElo "2108"]
[PlyCount "77"]
[EventDate "2021.08.23"]
[EventType "swiss (rapid)"]
[EventRounds "9"]
[EventCountry "NET"]
[SourceTitle "CBM 204 Extra"]
[Source "ChessBase"]
[SourceDate "2021.11.30"]
[SourceVersion "1"]
[SourceVersionDate "2021.11.30"]
[SourceQuality "1"]

1. d4 Nf6 2. Bf4 d5 3. e3 Bf5 4. c4 e6 5. Nc3 Bb4 6. Rc1 Nc6 7. Nf3 0-0 8. h3 Bd6 9. Bg5 Bb4 10. a3 Bxc3+ 11. Rxc3 Ne7 12. Bxf6 gxf6 13. cxd5 Nxd5 14. Rc1 Kh8 15. Nd2 Bg6 16. h4 h6 17. h5 Bh7 18. Qf3 c6 19. Bc4 Rg8 20. Rh4 f5 21. g3 f4 22. exf4 Ne7 23. Qc3 Nf5 24. d5+ Rg7 25. Rg4 exd5 26. Rxg7 Nxg7 27. Be2 d4 28. Qc5 d3 29. Bf3 Qf6 30. Qb4 Qe6+ 31. Kf1 Re8 32. Qxb7 Nxh5 33. Qxc6 Ng7 34. Kg2 Bf5 35. Rc5 Bh3+ 36. Kh2 Bg4 37. Bxg4 Qxg4 38. Qxh6+ Kg8 39. Rg5 1-0

[Event "Asian Online (Women)"]
[Site "Tornelo INT"]
[Date "2021.08.24"]
[Round "6"]
[White "Yuan, Ye"]
[Black "Priyanka, K."]
[Result "1-0"]
[WhiteElo "2108"]
[BlackElo "2218"]
[PlyCount "143"]
[EventDate "2021.08.23"]
[EventType "swiss (rapid)"]
[EventRounds "9"]
[EventCountry "NET"]
[SourceTitle "CBM 204 Extra"]
[Source "ChessBase"]
[SourceDate "2021.11.30"]
[SourceVersion "1"]
[SourceVersionDate "2021.11.30"]
[SourceQuality "1"]

1. d4 Nf6 2. Bg5 d5 3. Nd2 Nbd7 4. Ngf3 h6 5. Bh4 e6 6. e3 Be7 7. Bd3 c5 8. c3 0-0 9. 0-0 b6 10. Qc2 Bb7 11. h3 Rc8 12. Bg3 Nh5 13. Bh2 f5 14. Bb5 Nhf6 15. Qa4 a6 16. Bxd7 Qxd7 17. Qxd7 Nxd7 18. a4 a5 19. Rfe1 g5 20. Ne5 Nxe5 21. Bxe5 g4 22. g3 Rfd8 23. Kg2 Kf7 24. Rh1 Kg6 25. Rh2 Bg5 26. Nb3 Rd7 27. Kg1 c4 28. Nd2 Bc6 29. Kf1 Rb7 30. Ke2 h5 31. hxg4 fxg4 32. f3 Rf8 33. Rah1 Bxa4 34. Rxh5 gxf3+ 35. Nxf3 Bd1+ 36. Kxd1 Rxf3 37. Rh8 Kf5 38. Rg8 Rf7 39. g4+ Ke4 40. Rxg5 Kd3 41. Bf4 Rf2 42. Kc1 Rh7 43. Rgh5 Rg7 44. g5 a4 45. R5h2 Rf3 46. Rd2+ Ke4 47. Kb1 b5 48. Ka2 Rb7 49. Ka3 Kf5 50. Rg2 b4+ 51. cxb4 e5 52. dxe5 d4 53. Rg3 Rxg3 54. Bxg3 d3 55. Bf4 Rd7 56. Rd1 Ke4 57. Rd2 Rc7 58. e6 Re7 59. Kxa4 Rxe6 60. b5 Kd5 61. Kb4 Re4 62. b3 cxb3+ 63. Kxb3 Kc5 64. Rxd3 Kxb5 65. Rd5+ Kc6 66. Re5 Rxe5 67. Bxe5 Kd5 68. g6 Ke6 69. g7 Kf7 70. Bf6 Kg8 71. e4 Kf7 72. e5 1-0

[Event "CHN-ch (Women)"]
[Site "Xinghua"]
[Date "2021.05.13"]
[Round "9"]
[White "Tan, Zhongyi"]
[Black "Yuan, Ye"]
[Result "1-0"]
[WhiteElo "2510"]
[BlackElo "2081"]
[PlyCount "49"]
[EventDate "2021.05.07"]
[EventType "tourn"]
[EventRounds "11"]
[EventCountry "CHN"]
[SourceTitle "CBM 202 Extra"]
[Source "ChessBase"]
[SourceDate "2021.07.31"]
[SourceVersion "1"]
[SourceVersionDate "2021.07.31"]
[SourceQuality "1"]

1. d4 Nf6 2. c4 g6 3. f3 d5 4. cxd5 Nxd5 5. e4 Nb6 6. Nc3 Bg7 7. Be3 0-0 8. Qd2 e5 9. d5 c6 10. h4 cxd5 11. exd5 N8d7 12. h5 Nf6 13. hxg6 fxg6 14. 0-0-0 Bd7 15. d6 Rc8 16. Kb1 Na4 17. Nge2 Kh8 18. Ne4 Bf5 19. N2g3 Nxe4 20. Nxe4 Nc5 21. Bxc5 Bxe4+ 22. fxe4 Rxc5 23. Bd3 Rf6 24. Bc2 Rc4 25. Bb3 1-0

[Event "CHN-ch (Women)"]
[Site "Xinghua"]
[Date "2021.05.12"]
[Round "7"]
[White "Gu, Xiaobing"]
[Black "Yuan, Ye"]
[Result "1-0"]
[WhiteElo "2263"]
[BlackElo "2081"]
[PlyCount "109"]
[EventDate "2021.05.07"]
[EventType "tourn"]
[EventRounds "11"]
[EventCountry "CHN"]
[SourceTitle "CBM 202 Extra"]
[Source "ChessBase"]
[SourceDate "2021.07.31"]
[SourceVersion "1"]
[SourceVersionDate "2021.07.31"]
[SourceQuality "1"]

1. e4 e6 2. d4 d5 3. exd5 exd5 4. Nf3 Bd6 5. c4 dxc4 6. Bxc4 Nf6 7. Nc3 0-0 8. 0-0 h6 9. Qc2 Nc6 10. h3 a6 11. Rd1 b5 12. Bf1 Nb4 13. Qb1 Bb7 14. Nh4 Nfd5 15. Nf5 Nxc3 16. bxc3 Nd5 17. Qe4 Qf6 18. Bd3 Rfe8 19. Qg4 Kh8 20. Bd2 Nb6 21. Ng3 Bxg3 22. Qxg3 Qc6 23. Bf4 g5 24. Bd2 Nc4 25. Bxc4 bxc4 26. Re1 f6 27. f3 Kg7 28. h4 Kg6 29. Qh3 Qd5 30. Qg3 Qc6 31. Kf2 Qd6 32. Qh3 Rxe1 33. Rxe1 Bc8 34. g4 Bb7 35. f4 gxf4 36. g5 h5 37. Re6 Bc8 38. Rxd6 Bxh3 39. Rxf6+ Kg7 40. Rc6 Rf8 41. Rxc7+ Kg6 42. Rxc4 Kf5 43. d5 Ke5 44. Rd4 f3 45. Be3 Bg4 46. c4 Rc8 47. d6 Ke6 48. c5 Kd7 49. Rb4 a5 50. Rb7+ Kc6 51. Rb6+ Kd7 52. g6 Rg8 53. g7 Be6 54. Rb7+ Kc8 55. c6 1-0

[Event "CHN-ch (Women)"]
[Site "Xinghua"]
[Date "2021.05.10"]
[Round "5"]
[White "Ning, Kaiyu"]
[Black "Yuan, Ye"]
[Result "1-0"]
[WhiteElo "2327"]
[BlackElo "2081"]
[PlyCount "81"]
[EventDate "2021.05.07"]
[EventType "tourn"]
[EventRounds "11"]
[EventCountry "CHN"]
[SourceTitle "CBM 202 Extra"]
[Source "ChessBase"]
[SourceDate "2021.07.31"]
[SourceVersion "1"]
[SourceVersionDate "2021.07.31"]
[SourceQuality "1"]

1. d4 Nf6 2. c4 g6 3. Nc3 d5 4. cxd5 Nxd5 5. e4 Nxc3 6. bxc3 Bg7 7. Nf3 c5 8. Be3 Qa5 9. Qd2 Nc6 10. Rb1 cxd4 11. cxd4 Qxd2+ 12. Kxd2 0-0 13. d5 Rd8 14. Bd3 Na5 15. Ke2 e6 16. Bg5 f6 17. Bd2 b6 18. Bxa5 bxa5 19. Bc4 exd5 20. Bxd5+ Kh8 21. Bxa8 Ba6+ 22. Ke1 Rxa8 23. Kd2 Rd8+ 24. Kc3 Rc8+ 25. Kd4 Rd8+ 26. Kc5 Bd3 27. Rbd1 Bf8+ 28. Kc6 Bxe4+ 29. Kc7 Rxd1 30. Rxd1 Bc5 31. Nd4 Bxg2 32. Ne6 Bb6+ 33. Kd6 h5 34. Ke7 Kh7 35. Kxf6 Kh6 36. Ng5 Bc6 37. f4 a4 38. h4 Bb5 39. Rd5 a6 40. Rxb5 axb5 41. Kf7 1-0

[Event "CHN-ch (Women)"]
[Site "Xinghua"]
[Date "2021.05.09"]
[Round "3"]
[White "Zhu, Jiner"]
[Black "Yuan, Ye"]
[Result "1-0"]
[WhiteElo "2459"]
[BlackElo "2081"]
[PlyCount "107"]
[EventDate "2021.05.07"]
[EventType "tourn"]
[EventRounds "11"]
[EventCountry "CHN"]
[SourceTitle "CBM 202 Extra"]
[Source "ChessBase"]
[SourceDate "2021.07.31"]
[SourceVersion "1"]
[SourceVersionDate "2021.07.31"]
[SourceQuality "1"]

1. e4 e6 2. d4 d5 3. Nc3 dxe4 4. Nxe4 Nd7 5. Nf3 Ngf6 6. Bd3 Nxe4 7. Bxe4 Nf6 8. Bg5 Qd6 9. Bd3 Qb4+ 10. Bd2 Qxb2 11. 0-0 Be7 12. c4 Qa3 13. Qe2 Qd6 14. Rad1 0-0 15. Ne5 c6 16. Bf4 Qd8 17. Bb1 Bd7 18. Rd3 Re8 19. Rh3 g6 20. Bg5 Nh5 21. Nxf7 Kxf7 22. Rxh5 Bxg5 23. Rxh7+ Kg8 24. Qe4 Qf6 25. Rxd7 Red8 26. Rxb7 Rxd4 27. Qxg6+ Qxg6 28. Bxg6 Rf8 29. Rxa7 Rxc4 30. a4 e5 31. h3 Bd2 32. Re7 Rxa4 33. Rxe5 Bc3 34. Re8 Bd4 35. Rxf8+ Kxf8 36. Kh2 Kg7 37. Be8 Ra2 38. f4 c5 39. Bb5 Rb2 40. Bd3 Rb3 41. Be4 Rb2 42. h4 c4 43. Rd1 Be3 44. Kg3 Bd2 45. Ra1 c3 46. Ra7+ Kf8 47. Rc7 Be1+ 48. Kg4 Re2 49. Bf3 Rb2 50. h5 Bd2 51. h6 Kg8 52. Rc8+ Kh7 53. Be4+ Kxh6 54. Rc7 1-0